[Event "World Amateur-ch U2000"]
[Site "Cagliari"]
[Date "2018.04.27"]
[Round "7"]
[White "Alem, Ali Hussien"]
[Black "Senesi, Glauco"]
[Result "1-0"]
[WhiteElo "1745"]
[BlackElo "1679"]
[PlyCount "125"]
[EventDate "2018.04.22"]
[EventType "swiss"]
[EventRounds "9"]
[EventCountry "ITA"]
[SourceTitle "CBM 184 Extra"]
[Source "ChessBase"]
[SourceDate "2018.06.28"]
[SourceVersion "1"]
[SourceVersionDate "2018.06.28"]
[SourceQuality "1"]

1. e4 e6 2. d3 d5 3. Nd2 c5 4. g3 Nc6 5. Bg2 Be7 6. Ngf3 Nf6 7. 0-0 0-0 8. Re1 dxe4 9. dxe4 e5 10. c3 Qc7 11. Qc2 b5 12. Nf1 Bg4 13. Ne3 Rad8 14. Nh4 g6 15. Bd2 Be6 16. h3 Qd7 17. Rad1 Qc8 18. Kh2 Rd6 19. Nf3 Rfd8 20. Ng5 Bd7 21. Qb3 Be6 22. Nxe6 Qxe6 23. Nd5 a6 24. Be3 c4 25. Qc2 Kg7 26. Rd2 Nb8 27. Red1 Nxd5 28. exd5 Qc8 29. Qe4 Nd7 30. Bd4 f5 31. Bxe5+ Nxe5 32. Qxe5+ Bf6 33. Qe3 Re8 34. Qf3 Qd7 35. Re2 Rd8 36. h4 Qc7 37. h5 Qd7 38. a3 Qc7 39. Re6 Rxe6 40. dxe6 Rxd1 41. Qxd1 Qc5 42. Qd7+ Be7 43. hxg6 hxg6 44. Kg1 Kf6 45. Qe8 Kxe6 46. Qxg6+ Bf6 47. Qe8+ Be7 48. Bc6 Ke5 49. Qa8 Kd6 50. Bg2 Qb6 51. Qd5+ Kc7 52. Qxf5 Qd6 53. Qf3 Qb6 54. Qf4+ Kd8 55. g4 a5 56. Qe4 Bd6 57. g5 Bg3 58. Qf3 Bxf2+ 59. Qxf2 Qxf2+ 60. Kxf2 Ke7 61. Bd5 Kf8 62. Kf3 Kg7 63. Kg4 1-0

[Event "World Amateur-ch U2000"]
[Site "Cagliari"]
[Date "2018.04.24"]
[Round "4"]
[White "Ghanem, Khaled"]
[Black "Senesi, Glauco"]
[Result "1-0"]
[WhiteElo "1820"]
[BlackElo "1679"]
[PlyCount "41"]
[EventDate "2018.04.22"]
[EventType "swiss"]
[EventRounds "9"]
[EventCountry "ITA"]
[SourceTitle "CBM 184 Extra"]
[Source "ChessBase"]
[SourceDate "2018.06.28"]
[SourceVersion "1"]
[SourceVersionDate "2018.06.28"]
[SourceQuality "1"]

1. Nf3 d5 2. d4 Nf6 3. c4 e6 4. Nc3 h6 5. Bf4 Bd6 6. Bg3 Bxg3 7. hxg3 Nbd7 8. e3 Qe7 9. a3 c5 10. dxc5 Nxc5 11. cxd5 0-0 12. d6 Qd8 13. Ne5 a6 14. b4 Nce4 15. Nxe4 Nxe4 16. d7 Qf6 17. f4 Bxd7 18. Qxd7 Rac8 19. Bd3 Rfd8 20. Qxb7 Rb8 21. Qxe4 1-0

[Event "Cortina d'Ampezzo op 2nd"]
[Site "Cortina d'Ampezzo"]
[Date "2013.09.15"]
[Round "7"]
[White "Senesi, Glauco"]
[Black "Di Cicco, Daniela"]
[Result "1-0"]
[WhiteElo "1748"]
[BlackElo "1422"]
[PlyCount "95"]
[EventDate "2013.09.10"]
[EventType "swiss"]
[EventRounds "7"]
[EventCountry "ITA"]
[SourceTitle "CBM 156 Extra"]
[Source "ChessBase"]
[SourceDate "2013.10.22"]
[SourceVersion "1"]
[SourceVersionDate "2013.10.22"]
[SourceQuality "1"]

1. d4 d5 2. c4 e6 3. Nc3 Nf6 4. Nf3 h6 5. Bf4 c6 6. h3 Be7 7. e3 0-0 8. Qd3 Bd6 9. Ne5 Nbd7 10. Nxf7 Rxf7 11. Bxd6 Kh8 12. Qg6 Qg8 13. Be2 Nf8 14. Qg3 Bd7 15. Bd3 Re8 16. 0-0-0 g6 17. Ne2 Ne4 18. Be5+ Kh7 19. Bxe4 dxe4 20. Nc3 Bc8 21. Nxe4 Nd7 22. Bf4 Ref8 23. h4 Nf6 24. Ng5+ Kg7 25. Nxf7 Qxf7 26. Be5 Kh7 27. Qf3 h5 28. Bxf6 Qxf6 29. Qxf6 Rxf6 30. f3 Rf5 31. e4 Ra5 32. a3 b5 33. c5 Ra4 34. Kb1 b4 35. axb4 Rxb4 36. Rd3 a5 37. Kc2 a4 38. Ra1 Ba6 39. Rd2 Bb5 40. Ra3 Kg7 41. d5 Rc4+ 42. Rc3 exd5 43. exd5 Rxh4 44. d6 Ba6 45. d7 Kh6 46. d8Q Rh1 47. f4 Re1 48. Qh8# 1-0

[Event "Cortina d'Ampezzo op 2nd"]
[Site "Cortina d'Ampezzo"]
[Date "2013.09.14"]
[Round "6"]
[White "Senesi, Glauco"]
[Black "Zangrando, Gianpietro"]
[Result "0-1"]
[WhiteElo "1748"]
[BlackElo "1801"]
[PlyCount "126"]
[EventDate "2013.09.10"]
[EventType "swiss"]
[EventRounds "7"]
[EventCountry "ITA"]
[SourceTitle "CBM 156 Extra"]
[Source "ChessBase"]
[SourceDate "2013.10.22"]
[SourceVersion "1"]
[SourceVersionDate "2013.10.22"]
[SourceQuality "1"]

1. d4 e6 2. Nf3 d5 3. e3 f5 4. Bd3 Nf6 5. Nbd2 Bd6 6. c4 c6 7. Ne5 0-0 8. 0-0 Nbd7 9. f4 Ne4 10. Ndf3 Rf6 11. Bd2 Rh6 12. cxd5 cxd5 13. Be1 Be7 14. Rc1 Nxe5 15. Nxe5 Bd7 16. Nxd7 Qxd7 17. Bxe4 dxe4 18. Rf2 g5 19. Rfc2 gxf4 20. Rc7 Qd6 21. exf4 Bf6 22. Qc2 Bxd4+ 23. Kh1 Rf6 24. a3 Rf7 25. Rc4 Bf6 26. Bd2 Rd8 27. Be3 Qd3 28. Bxa7 Rfd7 29. h3 Qg3 30. Rc8 Kf7 31. Rxd8 Bxd8 32. Bf2 Qd3 33. Qxd3 Rxd3 34. Rc3 Rd2 35. Be3 Rxb2 36. Bd4 Rd2 37. Bc5 Rd1+ 38. Kh2 Bc7 39. g3 Rd3 40. Rc2 Ba5 41. Bb4 Bxb4 42. axb4 e3 43. Rc1 e2 44. Re1 Re3 45. Kg2 b5 46. Kf2 Re4 47. Rxe2 Rxb4 48. Re1 Ke7 49. Rd1 Rb2+ 50. Ke3 Rb3+ 51. Kf2 b4 52. Rh1 Rc3 53. Rb1 b3 54. h4 h5 55. Kg2 Kd6 56. Rd1+ Kc6 57. Re1 Kd5 58. Re5+ Kc4 59. Rxe6 Kd3 60. g4 b2 61. Rb6 Kc2 62. Rb5 b1Q 63. Rxf5 Qb7+ 0-1

[Event "Cortina d'Ampezzo op 2nd"]
[Site "Cortina d'Ampezzo"]
[Date "2013.09.13"]
[Round "5"]
[White "Maddaloni, Giovanni"]
[Black "Senesi, Glauco"]
[Result "1-0"]
[WhiteElo "1709"]
[BlackElo "1748"]
[PlyCount "87"]
[EventDate "2013.09.10"]
[EventType "swiss"]
[EventRounds "7"]
[EventCountry "ITA"]
[SourceTitle "CBM 156 Extra"]
[Source "ChessBase"]
[SourceDate "2013.10.22"]
[SourceVersion "1"]
[SourceVersionDate "2013.10.22"]
[SourceQuality "1"]

1. e4 e6 2. d4 d5 3. e5 c5 4. c3 Qb6 5. Nf3 Nc6 6. a3 c4 7. g3 Be7 8. Bg2 Bd7 9. 0-0 f6 10. Nbd2 Nh6 11. a4 fxe5 12. Nxe5 Nxe5 13. dxe5 0-0-0 14. Nf3 Nf5 15. a5 Qc5 16. Re1 h6 17. g4 Nh4 18. Be3 Nxf3+ 19. Bxf3 Qb5 20. Bxa7 Bc5 21. Bxc5 Qxc5 22. a6 bxa6 23. Rxa6 Kb7 24. Ra3 Rhf8 25. Re3 Ra8 26. b4 Qxe3 27. fxe3 Rxa3 28. Kg2 Rxc3 29. Qd4 Rb3 30. Qc5 Rf7 31. Kg3 Rd3 32. b5 g5 33. Bg2 c3 34. h3 c2 35. Qxc2 Rxe3+ 36. Kh2 Bxb5 37. Qc5 Rxe5 38. Qxb5+ Kc7 39. Qc5+ Kb7 40. Qd6 Re2 41. Qb4+ Kc6 42. Qa4+ Kb6 43. Qd4+ Kc6 44. Qc4+ 1-0